000 00437nam a2200193Ia 4500
001 14426
003 GE_BSU
008 181216s||||||||xx |||||||||||||| ||und||
040 _cGE_BSU
080 _a821.111-3
100 _aShriver,Lionel
245 4 _aThe Post-birthday world
260 _aLondon
260 _bHarper Collins Publishers
260 _c2007
300 _a600p.22cm.
653 _aThe Post-birthday world
942 _cBK
999 _c47562
_d47562